<?xml version="1.0" encoding="UTF-8"?>
<record
    xmlns:xsi="http://www.w3.org/2001/XMLSchema-instance"
    xsi:schemaLocation="http://www.loc.gov/MARC21/slim http://www.loc.gov/standards/marcxml/schema/MARC21slim.xsd"
    xmlns="http://www.loc.gov/MARC21/slim">

  <leader>01997cam a22003255a 4500</leader>
  <controlfield tag="008">161102b        xxu||||| |||| 00| 0 eng d</controlfield>
  <datafield tag="020" ind1=" " ind2=" ">
    <subfield code="a">9780071794220</subfield>
  </datafield>
  <datafield tag="040" ind1=" " ind2=" ">
    <subfield code="b">eng</subfield>
    <subfield code="d">EG-ScBUE</subfield>
  </datafield>
  <datafield tag="082" ind1="0" ind2="4">
    <subfield code="a">628.1</subfield>
    <subfield code="2">22</subfield>
    <subfield code="b">DEM</subfield>
  </datafield>
  <datafield tag="100" ind1="1" ind2=" ">
    <subfield code="a">Dempsey, Paul</subfield>
    <subfield code="q">(Paul K.)</subfield>
  </datafield>
  <datafield tag="245" ind1="1" ind2="0">
    <subfield code="a">Do-it-yourself sustainable water projects :</subfield>
    <subfield code="b">collect, store, purify, and drill for water /</subfield>
    <subfield code="c">Paul Dempsey ; Tony Selby, illustrator.</subfield>
  </datafield>
  <datafield tag="246" ind1="3" ind2=" ">
    <subfield code="a">Sustainable water projects</subfield>
  </datafield>
  <datafield tag="250" ind1=" " ind2=" ">
    <subfield code="a">1st ed.</subfield>
  </datafield>
  <datafield tag="260" ind1=" " ind2=" ">
    <subfield code="a">New York :</subfield>
    <subfield code="b">McGraw-Hill Companies ;</subfield>
    <subfield code="c">c. 2013.</subfield>
  </datafield>
  <datafield tag="300" ind1=" " ind2=" ">
    <subfield code="a">xi, 259 p. :</subfield>
    <subfield code="b">ill. ;</subfield>
    <subfield code="c">23 cm.</subfield>
  </datafield>
  <datafield tag="504" ind1=" " ind2=" ">
    <subfield code="a">Includes bibliographical references and index.</subfield>
  </datafield>
  <datafield tag="505" ind1="0" ind2=" ">
    <subfield code="a">[1] Glimmers of Light -- Worldwide Water Use -- Here at Home -- Climate Change -- The Way Forward -- [2] Using Less -- NAEUS -- Lawn and Garden -- Indoors -- Composting Toilets -- [3] Water from Air -- Rainwater Harvesting (RWH) -- Air Conditioner Condensate Recovery -- A Word about Greywater -- [4] Wells -- Well Basics -- Buying Property with a Well -- Hiring a Driller -- DIY Drilling -- [5] Pumps and Related Components -- Well Yield -- Pump Performance -- Water Demand -- Pump Sizing -- Maintenance Issues -- Piping -- Standard Jet Pumps -- Deep-Well Jet Pumps -- Centrifugal Submersible Pumps -- Water Storage -- Pump Motor Controls -- [6] Alternative Power -- Solar Power -- Wind Power -- Human Power -- A Last Word -- Glossary -- Appendix A: Water Web Sites.</subfield>
  </datafield>
  <datafield tag="590" ind1=" " ind2=" ">
    <subfield code="a">shima</subfield>
  </datafield>
  <datafield tag="650" ind1=" " ind2="7">
    <subfield code="a">Water-supply</subfield>
    <subfield code="x">Environmental aspects.</subfield>
    <subfield code="2">BUEsh</subfield>
  </datafield>
  <datafield tag="650" ind1=" " ind2="7">
    <subfield code="a">Water-supply</subfield>
    <subfield code="v">Handbooks, manuals, etc.</subfield>
    <subfield code="2">BUEsh</subfield>
  </datafield>
  <datafield tag="650" ind1=" " ind2="7">
    <subfield code="a">Water use</subfield>
    <subfield code="x">Environmental aspects.</subfield>
    <subfield code="2">BUEsh</subfield>
  </datafield>
  <datafield tag="650" ind1=" " ind2="0">
    <subfield code="a">Sustainability.</subfield>
    <subfield code="2">BUEsh</subfield>
    <subfield code="9">11718</subfield>
  </datafield>
  <datafield tag="650" ind1=" " ind2="7">
    <subfield code="a">Water conservation.</subfield>
    <subfield code="2">BUEsh</subfield>
    <subfield code="9">4524</subfield>
  </datafield>
  <datafield tag="650" ind1=" " ind2="0">
    <subfield code="a">Do-it-yourself work.</subfield>
    <subfield code="2">BUEsh</subfield>
  </datafield>
  <datafield tag="651" ind1=" " ind2=" ">
    <subfield code="2">BUEsh</subfield>
  </datafield>
  <datafield tag="653" ind1=" " ind2=" ">
    <subfield code="b">ENGGEN</subfield>
    <subfield code="c">November2016</subfield>
  </datafield>
  <datafield tag="906" ind1=" " ind2=" ">
    <subfield code="a">7</subfield>
    <subfield code="b">cbc</subfield>
    <subfield code="c">orignew</subfield>
    <subfield code="d">1</subfield>
    <subfield code="e">ecip</subfield>
    <subfield code="f">20</subfield>
    <subfield code="g">y-gencatlg</subfield>
  </datafield>
  <datafield tag="942" ind1=" " ind2=" ">
    <subfield code="2">ddc</subfield>
  </datafield>
  <datafield tag="999" ind1=" " ind2=" ">
    <subfield code="c">22992</subfield>
    <subfield code="d">22964</subfield>
  </datafield>
  <datafield tag="952" ind1=" " ind2=" ">
    <subfield code="0">0</subfield>
    <subfield code="1">0</subfield>
    <subfield code="2">ddc</subfield>
    <subfield code="4">0</subfield>
    <subfield code="7">0</subfield>
    <subfield code="8">Baccah</subfield>
    <subfield code="a">MAIN</subfield>
    <subfield code="b">MAIN</subfield>
    <subfield code="c">1ST</subfield>
    <subfield code="d">2016-11-02</subfield>
    <subfield code="e">Purchase</subfield>
    <subfield code="g">200.00</subfield>
    <subfield code="h">25843</subfield>
    <subfield code="l">0</subfield>
    <subfield code="o">628.1 DEM</subfield>
    <subfield code="p">000045209</subfield>
    <subfield code="r">2025-07-15 00:00:00</subfield>
    <subfield code="v">250.00</subfield>
    <subfield code="y">BB</subfield>
  </datafield>
</record>
